IFLA General Council meeting, Budapest, 1972 / (Record no. 136939)
[ view plain ]
| 000 -LEADER | |
|---|---|
| fixed length control field | 00570nam a22001817a 4500 |
| 010 ## - LIBRARY OF CONGRESS CONTROL NUMBER | |
| LC control number | 736198 |
| 035 ## - SYSTEM CONTROL NUMBER | |
| System control number | 736198 |
| 037 ## - SOURCE OF ACQUISITION | |
| Source of stock number/acquisition | Cen Lib / Ret |
| 040 ## - CATALOGING SOURCE | |
| Original cataloging agency | DPL |
| Language of cataloging | En |
| 082 ## - DEWEY DECIMAL CLASSIFICATION NUMBER | |
| Classification number | 027.4 |
| Item number | IFL |
| 110 ## - MAIN ENTRY--CORPORATE NAME | |
| Corporate name or jurisdiction name as entry element | International Federation of Library Associations. |
| 245 ## - TITLE STATEMENT | |
| Title | IFLA General Council meeting, Budapest, 1972 / |
| Statement of responsibility, etc | International Federation of Library Associations |
| 260 ## - PUBLICATION, DISTRIBUTION, ETC. (IMPRINT) | |
| Place of publication, distribution, etc | [s.n] |
| Name of publisher, distributor, etc | s.l ; |
| Date of publication, distribution, etc | 1972 |
| 300 ## - PHYSICAL DESCRIPTION | |
| Extent | 28p : |
| Other physical details | 28cm(Hb) |
| 650 ## - SUBJECT ADDED ENTRY--TOPICAL TERM | |
| Topical term or geographic name as entry element | Library science -- Congresses. |
| 650 ## - SUBJECT ADDED ENTRY--TOPICAL TERM | |
| Topical term or geographic name as entry element | Library science. |
| 942 ## - ADDED ENTRY ELEMENTS (KOHA) | |
| Source of classification or shelving scheme | Dewey Decimal Classification |
| Koha item type | English Books |
| Classification part | 027.4 |
| Call number suffix | IFL |
| Withdrawn status | Lost status | Damaged status | Not for loan | Home library | Current library | Date acquired | Source of acquisition | Total Checkouts | Full call number | Barcode | Date last seen | Copy number | Price effective from | Koha item type |
|---|---|---|---|---|---|---|---|---|---|---|---|---|---|---|
| Central Library | Central Library | 12/03/2016 | Cen Lib/Ret | 027.4 IFL | 736198 | 12/03/2016 | 1 | 12/03/2016 | English Books |
